| 000 | 00411nam a22001577a 4500 | ||
|---|---|---|---|
| 005 | 20180412111755.0 | ||
| 008 | 160527b xxu||||| |||| 00| 0 eng d | ||
| 020 | _a81-7194-443-4 | ||
| 041 | _aeng | ||
| 082 |
_b5384 _a343.04 |
||
| 100 |
_aSinghania, Vinod K & Monica _91348 |
||
| 245 | _aDirect Taxces Planning and Mgt. | ||
| 260 |
_aNew Delhi _bAcademic Faundation |
||
| 650 |
_aManagement _9241 |
||
| 942 | _cBK | ||
| 999 |
_c1917 _d1916 |
||